000 004240000a22001690004500
003 LK-CoMWRAF
008 230817t ||||| |||| 00| 0 eng d
040 _aLK-CoMWRAF
_dLK-CoMWRAF
_eLK-CoMWRAF
041 _aeng
082 _a021
_bBAL
100 _aBalasupramaniam, Rajesvari
245 _aPani peyyum iravukal
_b
260 _aMadras
_bKumaran publishers
_c1993
300 _ap.192
650 _aliterature
942 _cBK
999 _c2822
_d2822